000 00356 a2200121 4500
001 ART_24596
005 20260410161625.0
008 260409a
245 1 0 _aCapital de trabajo alineado a la estrategia de la organización
100 1 _aTapia, Gustavo N.
700 1 _aAire, Carlos
773 0 _tEnfoques
_g- Nº 5 (mayo 2014)
_wREV416
999 _c11935
_d11935